[Event "Szachowe Lato Poznan 2011, OPEN"]
[Site "WSUS, Poznan"]
[Date "2011.??.18"]
[Round "3.1"]
[White "Moranda, Wojciech"]
[Black "Bernat, Marcin"]
[Result "1-0"]
[WhiteElo "2586"]
[BlackElo "2138"]
[PlyCount "58"]
[EventDate "2011.??.??"]

1. d4 e6 2. c4 d5 3. Nc3 c5 4. cxd5 exd5 5. Nf3 Nc6 6. g3 Nf6 7. Bg2 Be7 8. O-O
O-O 9. dxc5 Bxc5 10. Na4 Be7 11. Be3 Ne4 12. Rc1 Qa5 13. a3 Be6 14. Nd4 Nxd4
15. Bxd4 Rac8 16. Nc3 Rfd8 17. e3 Nd6 18. Ne2 Bg4 19. Rxc8 Rxc8 20. Bc3 Bxe2
21. Qxe2 Qb5 22. Qg4 Bf8 23. Rd1 Rc4 24. Qf3 Re4 25. Qh5 g6 26. Qxd5 Qxd5 27.
Rxd5 Re8 28. Kf1 f5 29. Bd4 Nf7 1-0

[Event "Szachowe Lato Poznan 2011, OPEN"]
[Site "WSUS, Poznan"]
[Date "2011.??.??"]
[Round "3.2"]
[White "Bajerlein, Dawid"]
[Black "Tomczak, Jacek"]
[Result "0-1"]
[WhiteElo "2016"]
[BlackElo "2548"]
[PlyCount "100"]
[EventDate "2011.??.??"]

1. d4 Nf6 2. c4 g6 3. g3 Bg7 4. Bg2 d5 5. cxd5 Nxd5 6. Nf3 O-O 7. Nc3 c5 8. e4
Nxc3 9. bxc3 cxd4 10. cxd4 Nc6 11. Be3 Qa5+ 12. Qd2 Qxd2+ 13. Kxd2 Rd8 14. Rad1
Bxd4 15. Nxd4 Nxd4 16. Kc3 Nc6 17. e5 Bg4 18. Rxd8+ Nxd8 19. Bd5 Be6 20. Bxe6
Nxe6 21. Rd1 Rc8+ 22. Kb3 a6 23. a4 Kf8 24. Bb6 Ke8 25. Kb4 Nf8 26. f4 Nd7 27.
Bd4 Rc2 28. h4 h5 29. Kb3 Rc6 30. Ka3 b6 31. Rd3 Kd8 32. g4 hxg4 33. Rg3 Nf8
34. Rxg4 Ne6 35. Bf2 Kd7 36. h5 gxh5 37. Rh4 a5 38. Kb3 Ng7 39. Rh1 Ke6 40. Rg1
Nf5 41. Rg5 h4 42. Rh5 f6 43. exf6 exf6 44. Rh8 Kd5 45. Rb8 Nd4+ 46. Bxd4 Kxd4
47. Rh8 Rc3+ 48. Kb2 Rc4 49. Rxh4 Rb4+ 50. Kc2 f5 0-1

[Event "Szachowe Lato Poznan 2011, OPEN"]
[Site "WSUS, Poznan"]
[Date "2011.??.18"]
[Round "3.3"]
[White "Szelag, Marcin"]
[Black "Stachowiak, Slawomir"]
[Result "1-0"]
[WhiteElo "2478"]
[BlackElo "2023"]
[PlyCount "59"]
[EventDate "2011.??.??"]

1. e4 e5 2. Nf3 Nc6 3. Bb5 a6 4. Ba4 Nf6 5. O-O b5 6. Bb3 Be7 7. Re1 d6 8. c3
Na5 9. Bc2 c5 10. d4 Qc7 11. Nbd2 Bg4 12. h3 Bh5 13. d5 O-O 14. g4 Bg6 15. Nf1
h5 16. Nh4 Nc4 17. Ng3 hxg4 18. hxg4 Qd7 19. Nhf5 Bd8 20. Kg2 Nh7 21. Rh1 Bf6
22. g5 Nxg5 23. Bxg5 Bxg5 24. Qg4 Qd8 25. Qh3 f6 26. Qh8+ Kf7 27. Qxg7+ Ke8 28.
Qxg6+ Kd7 29. Rh7+ Kc8 30. Ne7+ 1-0

[Event "Szachowe Lato Poznan 2011, OPEN"]
[Site "WSUS, Poznan"]
[Date "2011.??.??"]
[Round "3.4"]
[White "Urban, Klaudiusz"]
[Black "Wesolowski, Edgar"]
[Result "1-0"]
[WhiteElo "2456"]
[BlackElo "1983"]
[PlyCount "117"]
[EventDate "2011.??.??"]

1. d4 d5 2. Nf3 c6 3. c4 e6 4. Nbd2 f5 5. g3 Nf6 6. Bg2 Bd6 7. O-O O-O 8. Ne5
Nbd7 9. Ndf3 Ne4 10. Qb3 Bc7 11. Rd1 Nxe5 12. Nxe5 Qf6 13. Bf4 g5 14. Nd7 Qd8
15. Bxc7 Qxd7 16. Be5 b6 17. Qe3 Qe7 18. f3 Nd6 19. Bxd6 Qxd6 20. Qxg5+ Kh8 21.
Rac1 dxc4 22. Rxc4 c5 23. Rdc1 Ba6 24. dxc5 bxc5 25. Rxc5 Qd4+ 26. e3 Qxb2 27.
R5c2 Qe5 28. Rc5 Qb2 29. Qf4 Rac8 30. Rxc8 Bxc8 31. Qd4+ Qxd4 32. exd4 Rd8 33.
Kf2 Bd7 34. Ke3 Kg7 35. Rc7 a5 36. f4 Kf6 37. Ra7 a4 38. Ra8 Rxa8 39. Bxa8 Ke7
40. Kd3 Kd6 41. Kc4 Be8 42. a3 Bh5 43. Bg2 Bd1 44. Kc3 Be2 45. Kd2 Bc4 46. Bf3
Bb3 47. Kc3 Kc7 48. Be2 Kd6 49. Bc4 Bd1 50. Kb4 h5 51. Kc3 Bf3 52. Kd2 Bc6 53.
Be2 Be8 54. Bf3 Bg6 55. Kc3 Bf7 56. Kb4 Be8 57. h3 Kc7 58. Kc5 Bf7 59. Bc6 1-0

[Event "Szachowe Lato Poznan 2011, OPEN"]
[Site "WSUS, Poznan"]
[Date "2011.??.??"]
[Round "3.6"]
[White "Sliwerski, Radoslaw"]
[Black "Kozlowski, Tomasz"]
[Result "1-0"]
[WhiteElo "2174"]
[BlackElo "1958"]
[PlyCount "131"]
[EventDate "2011.??.??"]

1. d4 c5 2. dxc5 Nf6 3. Nc3 Na6 4. e4 Qa5 5. a3 Nxe4 6. Bxa6 Nxc3 7. Qd2 Qxc5
8. Bd3 Na4 9. Nf3 Nb6 10. O-O d5 11. b3 f6 12. Re1 Bd7 13. a4 Qc7 14. Ba3 e5
15. Bxf8 Kxf8 16. a5 Nc8 17. Bf1 Ne7 18. Rad1 Rc8 19. c4 d4 20. Qb4 Qc5 21.
Qxb7 Bc6 22. Qa6 Bxf3 23. gxf3 Kf7 24. Qb5 Qd6 25. b4 Rb8 26. c5 Qd5 27. Qc4
Ke8 28. Qxd5 Nxd5 29. Rxd4 Nxb4 30. Rd6 Nc2 31. Re2 Na3 32. Red2 Rf8 33. Ba6
Rf7 34. c6 Rc7 35. Kg2 Nb5 36. Bxb5 Rxb5 37. Rd8+ Ke7 38. R8d7+ Rxd7 39. Rxd7+
Ke6 40. Rxa7 g5 41. a6 Rc5 42. Rc7 Kd6 43. Rf7 Kxc6 44. Rxf6+ Kd5 45. a7 Ra5
46. Rf7 h6 47. Rb7 Ke6 48. Kf1 Kf5 49. h3 h5 50. Ke2 Ra3 51. Kd2 e4 52. fxe4+
Kxe4 53. Rf7 g4 54. hxg4 hxg4 55. Kc2 Ra6 56. Kc3 Ra1 57. Kb4 Kd3 58. Re7 Kd4
59. Kb5 Kd5 60. Rd7+ Ke4 61. Rf7 Ra3 62. Kb6 Kd5 63. Rf5+ Kd6 64. Ra5 Rb3+ 65.
Ka6 Kc7 66. a8=Q 1-0

[Event "Szachowe Lato Poznan 2011, OPEN"]
[Site "WSUS, Poznan"]
[Date "2011.??.??"]
[Round "3.7"]
[White "Musialkiewicz, Jan"]
[Black "Rozumek, Krzysztof"]
[Result "1-0"]
[WhiteElo "2150"]
[BlackElo "1929"]
[PlyCount "49"]
[EventDate "2011.??.??"]

1. e4 c6 2. Ne2 d5 3. e5 c5 4. d4 Nc6 5. c3 Bf5 6. dxc5 e6 7. b4 a5 8. Nd4 Bxb1
9. Rxb1 axb4 10. Bb5 Qd7 11. cxb4 Rxa2 12. O-O Nge7 13. f4 g6 14. Ba4 Nf5 15.
Nb5 Qd8 16. Qb3 Re2 17. Nc3 Nfd4 18. Qd1 Re4 19. Nxe4 dxe4 20. Rf2 Nf5 21.
Bxc6+ bxc6 22. Qxd8+ Kxd8 23. Ra1 Ne7 24. Rd2+ Kc8 25. Ra8+ 1-0

[Event "Szachowe Lato Poznan 2011, OPEN"]
[Site "WSUS, Poznan"]
[Date "2011.??.18"]
[Round "3.8"]
[White "Zielewicz, Piotr"]
[Black "Musialkiewicz, Pawel"]
[Result "0-1"]
[WhiteElo "1773"]
[BlackElo "1961"]
[PlyCount "87"]
[EventDate "2011.??.??"]

1. e4 c5 2. Nc3 a6 3. d3 b5 4. f4 Bb7 5. Nf3 e6 6. Be2 Nf6 7. O-O Qb6 8. Kh1
Nc6 9. Be3 Nd4 10. b4 Nxe2 11. Qxe2 Qc7 12. bxc5 Bxc5 13. Bxc5 Qxc5 14. Nd1 Rc8
15. Ne3 h5 16. Nh4 Qe7 17. Qf2 Ng4 18. Nxg4 hxg4 19. g3 d5 20. Rfe1 dxe4 21.
dxe4 Rc4 22. Kg1 Bxe4 23. Qb6 O-O 24. f5 exf5 25. Nxf5 Qd7 26. Ne3 Rc6 27. Qa5
Bf3 28. Qb4 Qa7 29. Kf1 Rf6 30. Kg1 Re8 31. Qd2 Rfe6 32. Kf2 Qc5 33. c3 Rd6 34.
Qc2 Red8 35. Qf5 Rd2+ 36. Kf1 Qxc3 37. Rac1 Qb2 38. Rc2 Qd4 39. Rc8 Rxh2 40.
Rxd8+ Qxd8 41. Nxg4 Bxg4 42. Qxg4 Qf6+ 43. Qf4 Qxf4+ 44. gxf4 0-1

[Event "Szachowe Lato Poznan 2011, OPEN"]
[Site "WSUS, Poznan"]
[Date "2011.??.18"]
[Round "3.10"]
[White "Nawrocki, Przemyslaw"]
[Black "Shishkin, Vadim"]
[Result "0-1"]
[WhiteElo "2059"]
[BlackElo "2457"]
[PlyCount "62"]
[EventDate "2011.??.??"]

1. d4 Nf6 2. Nf3 g6 3. c4 Bg7 4. Nc3 O-O 5. e4 c6 6. Be2 d5 7. e5 Ne4 8. h4 Bg4
9. Nd2 Bxe2 10. Qxe2 f5 11. h5 e6 12. hxg6 hxg6 13. Nf3 Na6 14. Bf4 c5 15. Qe3
Rc8 16. Nxe4 Nb4 17. Rc1 fxe4 18. Bh6 Rc7 19. Rc3 Rxf3 20. gxf3 cxd4 21. Bxg7
dxe3 22. Rh8+ Kxg7 23. Rxd8 Nd3+ 24. Kf1 Nxb2 25. c5 Na4 26. Rxe3 exf3 27. Rxf3
Nxc5 28. Rh3 g5 29. Rhh8 Kg6 30. Rhg8+ Kf5 31. Kg2 g4 0-1

[Event "Szachowe Lato Poznan 2011, OPEN"]
[Site "WSUS, Poznan"]
[Date "2011.??.??"]
[Round "3.11"]
[White "Piechota, Izabela"]
[Black "Kaluzny, Wlodzimierz"]
[Result "1/2-1/2"]
[WhiteElo "1780"]
[BlackElo "2114"]
[PlyCount "68"]
[EventDate "2011.??.??"]

1. e4 e6 2. d4 b6 3. g3 Bb7 4. Bg2 d6 5. Be3 Nf6 6. f3 Be7 7. Nd2 O-O 8. Ne2 c5
9. c3 Nc6 10. O-O Qc7 11. a3 cxd4 12. cxd4 Ba6 13. Re1 Bxe2 14. Qxe2 Rac8 15.
b4 Qd7 16. f4 d5 17. e5 Ne8 18. Bh3 g6 19. Bf2 Ng7 20. g4 f6 21. Bf1 fxe5 22.
fxe5 Rc7 23. Nf3 Rfc8 24. Qd2 a5 25. b5 Nd8 26. Qd1 Nf7 27. Be3 Qd8 28. h3 Ng5
29. Nxg5 Bxg5 30. Qd2 Be7 31. Rab1 Rc2 32. Qd1 Qf8 33. a4 Qf3 34. Bd2 Qf8
1/2-1/2

[Event "Szachowe Lato Poznan 2011, OPEN"]
[Site "WSUS, Poznan"]
[Date "2011.??.??"]
[Round "3.12"]
[White "Hoffmann, Piotr"]
[Black "Hemmerling, Jaroslaw"]
[Result "0-1"]
[WhiteElo "1771"]
[BlackElo "1994"]
[PlyCount "62"]
[EventDate "2011.??.??"]

1. Nc3 g6 2. e4 Bg7 3. d4 c6 4. Nf3 d5 5. e5 Bg4 6. h3 Bxf3 7. Qxf3 Nh6 8. Bd3
O-O 9. g4 f6 10. Qg3 fxe5 11. dxe5 Nf7 12. f4 Na6 13. Bd2 Nc5 14. b4 Ne6 15.
Ne2 g5 16. Bf5 gxf4 17. Qh4 Neg5 18. O-O-O e6 19. Bd3 Nxe5 20. Bxf4 Nef3 21.
Qg3 e5 22. Be3 e4 23. h4 exd3 24. Rxd3 Ne4 25. Qg2 Ne5 26. Rb3 Nc4 27. Bc5 Nxc5
28. bxc5 Qf6 29. Kd1 Qa1+ 30. Nc1 Qd4+ 31. Ke1 Rfe8+ 0-1

[Event "Szachowe Lato Poznan 2011, OPEN"]
[Site "WSUS, Poznan"]
[Date "2011.??.18"]
[Round "3.14"]
[White "Pawlicki, Dariusz"]
[Black "Jaskowski, Tadeusz"]
[Result "0-1"]
[WhiteElo "1703"]
[BlackElo "1914"]
[PlyCount "86"]
[EventDate "2011.??.??"]

1. d4 Nf6 2. c4 e5 3. dxe5 Ng4 4. Nf3 Nc6 5. e3 Ngxe5 6. Nxe5 Nxe5 7. Be2 Bb4+
8. Bd2 Bxd2+ 9. Nxd2 O-O 10. O-O d6 11. Nf3 Ng4 12. h3 Nf6 13. Nh2 Qe7 14. Bf3
c6 15. b3 Be6 16. Ng4 Nxg4 17. Bxg4 f5 18. Bf3 g5 19. g4 Rad8 20. gxf5 Bxf5 21.
Bg4 Be4 22. Qd4 c5 23. Qc3 Bf3 24. Qd3 Be4 25. Qc3 Qf7 26. Be2 h5 27. f3 Bc6
28. Rf2 Qf6 29. Raf1 Rf7 30. Qd3 Rg7 31. Rg2 Re8 32. e4 Qe6 33. Qe3 Qxh3 34.
Rxg5 Ree7 35. Rf2 Rxg5+ 36. Qxg5+ Rg7 37. Rg2 Rxg5 38. Rxg5+ Kf8 39. Rg2 h4 40.
Kf2 Qh1 41. Rg1 Qh2+ 42. Rg2 Qe5 43. Bf1 Qf4 0-1

[Event "Szachowe Lato Poznan 2011, OPEN"]
[Site "WSUS, Poznan"]
[Date "2011.??.??"]
[Round "3.15"]
[White "Rusinski, Mateusz"]
[Black "Zak, Pawel"]
[Result "1-0"]
[WhiteElo "1899"]
[BlackElo "1743"]
[PlyCount "89"]
[EventDate "2011.??.??"]

1. e4 c5 2. Nf3 d6 3. d4 cxd4 4. Nxd4 Nf6 5. Nc3 g6 6. Be3 Bg7 7. f3 Nc6 8. Qd2
O-O 9. Bc4 Bd7 10. O-O-O Ne5 11. Bb3 Rc8 12. Kb1 Nc4 13. Bxc4 Rxc4 14. h4 h5
15. Nde2 Qc7 16. Bh6 b5 17. Bxg7 Kxg7 18. Nf4 Be6 19. Nxb5 Qb6 20. Nxe6+ fxe6
21. Nd4 Kf7 22. Nb3 Rfc8 23. Rc1 Rb8 24. Rhe1 e5 25. Qd3 Rb4 26. c3 Rb5 27. Re2
a5 28. Ka1 a4 29. Qc4+ d5 30. Qxa4 Rb7 31. c4 Rb4 32. c5 Qc7 33. Qa5 Qc6 34.
exd5 Nxd5 35. Rxe5 Rb8 36. Re4 Ra8 37. Rxb4 Rxa5 38. Nxa5 Qa6 39. Ra4 Qb5 40.
b3 Qe2 41. Rac4 Ne3 42. c6 Nd1 43. R4c2 Qe5+ 44. Kb1 Ne3 45. Nc4 1-0

[Event "Szachowe Lato Poznan 2011, OPEN"]
[Site "WSUS, Poznan"]
[Date "2011.??.??"]
[Round "3.16"]
[White "Wisniewski, Wieslaw"]
[Black "Chojnacki, Tomasz"]
[Result "0-1"]
[WhiteElo "1597"]
[BlackElo "1874"]
[PlyCount "66"]
[EventDate "2011.??.??"]

1. d4 d5 2. c4 e6 3. e3 Nf6 4. Nc3 Be7 5. Nf3 O-O 6. Bd3 b6 7. Bd2 Bb7 8. O-O
c5 9. Rc1 Nbd7 10. cxd5 exd5 11. Qc2 Rc8 12. Qa4 a6 13. Bb1 Re8 14. Rfe1 Bd6
15. dxc5 bxc5 16. Qh4 Ne5 17. Nxe5 Rxe5 18. h3 Rh5 19. Qa4 Qe7 20. f4 Ne4 21.
Nxe4 dxe4 22. Qd1 Rh6 23. Bc3 f5 24. Be5 Bxe5 25. fxe5 Qxe5 26. Qb3+ Bd5 27.
Qa3 Qg3 28. Re2 Rxh3 29. Rxc5 Rd8 30. Qa4 Qh2+ 31. Kf2 Rf3+ 32. Ke1 Qh4+ 33.
Kd1 Bb3+ 0-1

[Event "Szachowe Lato Poznan 2011, OPEN"]
[Site "WSUS, Poznan"]
[Date "2011.??.??"]
[Round "3.17"]
[White "Cholewa, Maria"]
[Black "Kupsik, Joanna"]
[Result "1/2-1/2"]
[WhiteElo "1857"]
[BlackElo "1696"]
[PlyCount "74"]
[EventDate "2011.??.??"]

1. e4 e5 2. Nf3 Nc6 3. Bc4 Bc5 4. Nc3 Nf6 5. d3 h6 6. O-O d6 7. h3 Bd7 8. Be3
Bb6 9. a3 O-O 10. d4 exd4 11. Nxd4 Re8 12. Nxc6 Bxc6 13. Bxb6 axb6 14. f3 Bd7
15. Re1 Be6 16. Qd4 Bxc4 17. Qxc4 c6 18. Rad1 Re6 19. Qd4 Qc7 20. Re2 b5 21.
Red2 Rae8 22. Qb4 Rd8 23. Ne2 d5 24. Nc3 Qg3 25. Ne2 Qe5 26. Qd4 Qxd4+ 27. Nxd4
Re5 28. Nb3 Rde8 29. exd5 Nxd5 30. Kf2 Ne3 31. Rc1 Nc4 32. Rd7 R5e7 33. Rxe7
Rxe7 34. Rb1 g5 35. Nc5 Kg7 36. Nd3 Kg6 37. Ra1 f6 1/2-1/2

[Event "Szachowe Lato Poznan 2011, OPEN"]
[Site "WSUS, Poznan"]
[Date "2011.??.??"]
[Round "3.18"]
[White "Jarmuzek, Karolina"]
[Black "Kaczmarek, Piotr"]
[Result "1-0"]
[WhiteElo "1559"]
[BlackElo "1848"]
[PlyCount "111"]
[EventDate "2011.??.??"]

1. e4 d5 2. exd5 Nf6 3. d4 Nxd5 4. c4 Nb6 5. Nf3 g6 6. Be2 Bg7 7. O-O O-O 8.
Nc3 Nc6 9. d5 Na5 10. c5 Bxc3 11. cxb6 Bg7 12. Bf4 Bxb2 13. bxc7 Qd7 14. Rb1
Bg7 15. Bb5 Qf5 16. Qd2 a6 17. Be2 b5 18. d6 exd6 19. Bxd6 Re8 20. Rbe1 Qd7 21.
Bb4 Nc6 22. Qxd7 Bxd7 23. Bc5 Rac8 24. Bb6 Ne5 25. Rd1 Bg4 26. h3 Nxf3+ 27.
Bxf3 Bxf3 28. gxf3 Bf6 29. Rd6 Be7 30. Rd7 Kf8 31. Rfd1 f5 32. Be3 a5 33. Bf4
a4 34. Bd6 Bxd6 35. R1xd6 b4 36. Rf6+ Kg8 37. Rb6 b3 38. axb3 axb3 39. Rxb3 h6
40. Rb6 g5 41. Rxh6 f4 42. Rhh7 Ra8 43. Rhg7+ Kh8 44. Rxg5 Rf8 45. Rh5+ Kg8 46.
Rg5+ Kh8 47. Rgg7 Rfc8 48. h4 Ra1+ 49. Kg2 Rd1 50. h5 Rd6 51. Rh7+ Kg8 52. h6
Rg6+ 53. Kh3 Rg5 54. Rdg7+ Rxg7 55. Rxg7+ Kh8 56. Rd7 1-0

[Event "Szachowe Lato Poznan 2011, OPEN"]
[Site "WSUS, Poznan"]
[Date "2011.??.??"]
[Round "3.19"]
[White "Lambucki, Lukasz"]
[Black "Jablonski, Grzegorz"]
[Result "0-1"]
[WhiteElo "1844"]
[BlackElo "1618"]
[PlyCount "98"]
[EventDate "2011.??.??"]

1. d4 Nf6 2. c4 d5 3. cxd5 Nxd5 4. e4 Nb6 5. Be3 c6 6. Nc3 e6 7. f4 Be7 8. Nf3
N8d7 9. Be2 Nf6 10. O-O Qc7 11. h3 Nh5 12. Qd2 Bb4 13. a3 Bxc3 14. bxc3 Ng3 15.
Rf2 Nxe4 16. Qc2 Nxf2 17. Kxf2 Nd5 18. Qc1 Nxe3 19. Qxe3 Qe7 20. a4 Bd7 21. g3
Qd6 22. Ne5 f6 23. Nd3 O-O 24. Kg2 Rae8 25. Re1 b6 26. Bf3 Qa3 27. Nf2 c5 28.
Ne4 c4 29. h4 Bxa4 30. h5 h6 31. g4 Bc2 32. d5 Bxe4 33. Bxe4 Qc5 34. dxe6 Qxe3
35. Rxe3 Re7 36. f5 Rd8 37. Re2 b5 38. Ra2 Rb8 39. Bc6 b4 40. cxb4 Rxb4 41. Bd7
Rb7 42. Kf3 Rbxd7 43. exd7 Rxd7 44. Ke3 Kf7 45. Ke4 Ke7 46. Rc2 Rc7 47. Kd5 Kd7
48. Rc3 a5 49. Kd4 Kd6 0-1

[Event "Szachowe Lato Poznan 2011, OPEN"]
[Site "WSUS, Poznan"]
[Date "2011.??.??"]
[Round "3.20"]
[White "Stefanski, Stefan"]
[Black "Szymanski, Leszek"]
[Result "0-1"]
[WhiteElo "1503"]
[BlackElo "1840"]
[PlyCount "54"]
[EventDate "2011.??.??"]

1. e4 c5 2. Nf3 e6 3. d4 cxd4 4. Nxd4 Nc6 5. Be3 Nf6 6. f3 d6 7. Qd2 Be7 8. Bb5
Bd7 9. Nc3 a6 10. Bxc6 bxc6 11. g4 c5 12. Nde2 Rb8 13. b3 Bc6 14. h4 d5 15.
exd5 exd5 16. Bf4 Rb7 17. Nd1 d4 18. Rh3 Nd5 19. Bg3 O-O 20. h5 Re8 21. Kf2 Bf6
22. Rb1 Rbe7 23. Ng1 Bb5 24. c4 dxc3 25. Nxc3 Bxc3 26. Qg5 Re2+ 27. Nxe2 Qxg5
0-1

[Event "Szachowe Lato Poznan 2011, OPEN"]
[Site "WSUS, Poznan"]
[Date "2011.??.??"]
[Round "3.22"]
[White "Jedrzejczak, Przemyslaw"]
[Black "Raczynski, Krzysztof"]
[Result "0-1"]
[WhiteElo "1814"]
[BlackElo "1494"]
[PlyCount "98"]
[EventDate "2011.??.??"]

1. e4 c5 2. Nf3 d6 3. d4 cxd4 4. Nxd4 Nf6 5. Nc3 a6 6. Bg5 e6 7. Qd2 Be7 8.
O-O-O b5 9. f3 Bb7 10. a3 Nbd7 11. h4 h6 12. Be3 d5 13. exd5 Nxd5 14. Nxd5 Bxd5
15. Nf5 Bf8 16. Bf4 Nb6 17. Ne3 Rc8 18. Nxd5 Nxd5 19. Be5 Qd7 20. b4 f6 21. Bb2
Bd6 22. Kb1 Ke7 23. Qe1 Qc6 24. Bd3 Bc7 25. Be4 Rhd8 26. g4 Kf7 27. h5 Bf4 28.
Bxd5 Qxc2+ 29. Ka1 Rxd5 30. Rxd5 exd5 31. Qd1 Qxd1+ 32. Rxd1 Rd8 33. Bd4 Be5
34. Kb2 Bxd4+ 35. Rxd4 Ke6 36. f4 Rc8 37. Rd1 Rc4 38. Re1+ Re4 39. Rf1 d4 40.
Kc2 Kd5 41. Kb3 Re3+ 42. Kb2 Ke4 43. g5 Rf3 44. gxh6 gxh6 45. Rg1 Rxf4 46. Rg6
Rf2+ 47. Kc1 Ke3 48. Rxh6 Rf1+ 49. Kb2 d3 0-1

[Event "Szachowe Lato Poznan 2011, OPEN"]
[Site "WSUS, Poznan"]
[Date "2011.??.??"]
[Round "3.27"]
[White "Kaluzny, Tomasz"]
[Black "Kostecki, Samuel"]
[Result "1/2-1/2"]
[WhiteElo "1635"]
[BlackElo "1341"]
[PlyCount "83"]
[EventDate "2011.??.??"]

1. d4 c5 2. e3 Nc6 3. Nf3 e6 4. c3 b6 5. Bd3 Nf6 6. O-O Bb7 7. Nbd2 Qc7 8. a3
a5 9. Be2 Ne7 10. b3 Ng6 11. Bb2 Bd6 12. Nc4 Be7 13. Rc1 Ng4 14. Ncd2 Nh4 15.
g3 Ng6 16. Ne1 h5 17. Bf3 Nf6 18. Bxb7 Qxb7 19. Qf3 Qxf3 20. Nexf3 d5 21. a4 h4
22. c4 hxg3 23. hxg3 Bd6 24. cxd5 exd5 25. Rfe1 Kd7 26. e4 dxe4 27. Nxe4 Nxe4
28. Rxe4 f6 29. dxc5 Bxc5 30. Bd4 Rac8 31. Rd1 Kc6 32. Bxc5 bxc5 33. Rc4 Kb6
34. Rd6+ Rc6 35. Rxc6+ Kxc6 36. Nd4+ Kd5 37. Nf5 Ne5 38. Ne3+ Kc6 39. Rc3 Rd8
40. Rc2 Rd3 41. Rb2 Nf3+ 42. Kf1 1/2-1/2